000 00575nam a2200181 4500
001 123424
003 ES-MaACL
005 20230906192154.0
007 t|
008 070214s1957 sp r ||||1| spa d
100 1 _aQueysanne, Michel.
_994605
245 1 3 _aEl algebra moderna /
_cMichel Queysanne, A. Delachet ; traducción castellana de Francisco de Sales.
260 _aBarcelona :
_bVergara,
_c1957.
300 _a214 p. :
_bil. ;
_c18 cm.
700 1 _aDelachet, A.
_943279
700 0 _aFrancisco de Sales
_c, Santo.
_952194
852 _aES-MaACL
_jC-12455
_bR.40948
999 _c123424
_d123424